000
00290nam a2200109Ia 4500
008
190216s9999||||xx |||||||||||||| ||und||
100
_a
Arora Sk & Julka P
245
0
_a
Objective Arithmetic For All Competitive Examinations
260
_b
Iims Pub
_c
1999
300
_a
148p
942
_c
REF
999
_c
36500
_d
36500